000 01464cam a2200361 a 4500
001 EDZ0000020801
003 StDuBDS
005 20161031105121.0
006 m||||||||d||||||||
007 cr |||||||||||
008 110207s2011 cau fo| 001|0|eng|d
020 _a9781412994248 (ebook) :
_cNo price
040 _aStDuBDS
_beng
_cStDuBDS
_epn
049 _aAlfaisal Main Library
050 0 _aHC79.C6
_bE53 2011
082 0 4 _a306.3
_223
245 0 0 _aEncyclopedia of consumer culture
_h[electronic resource] /
_cedited by Dale Southerton.
260 _aThousand Oaks, Calif. :
_bSAGE,
_c2011.
300 _a1 online resource (3 v. (xxxiv, 1596 p.))
520 8 _aThis title covers consuming societies around the world, from the age of enlightenment to the present, and shows how consumption has become intrinsic to the world's social, economic, political and cultural landscapes.
521 _aSpecialized.
588 _aDescription based on print version record.
504 _aIncludes bibliographical references and index.
650 0 _aConsumption (Economics)
_xSocial aspects
_vEncyclopedias.
650 0 _aConsumers
_vEncyclopedias.
655 7 _aElectronic books.
_2local
700 1 _aSoutherton, Dale.
710 2 _aSage eBooks
730 0 _aSAGE reference online.
776 0 8 _iPrint version :
_z9780872896017
856 4 0 _uhttp://ezproxy.alfaisal.edu/login?url=http://sk.sagepub.com/reference/consumerculture
942 _2lcc
_cEBOOKS
999 _c479656
_d479656